Statistiques concernant L'année 2012 en sport

Cliquez ici pour prendre le quiz!

Statistiques générales

  • Ce quiz a été pris 136 fois
  • Le résultat moyen est 8 sur 15

Statistiques - réponses

HintRéponse% Correct
Ville hôte des jeux olympiquesLondres
98%
Footballeur polonais, remportant avec ses compatriotes Łukasz Piszczek et Jakub Błaszczykowski le titre de champion d'AllemagneRobert Lewandowski
84%
L'Ecosse ne gagne aucun match du tournoi des 6 nations, remportant ainsi la cuillère de ...bois
73%
Footballeur africain, élu homme du match de la finale de la ligue des champions 2011-2012Didier Drogba
72%
Franchise NBA, vainqueur du titre cette année-là avec LeBron James, Chris Bosh et Dwayne WadeMiami Heat
64%
Pays d'origine de David Rudisha, portant le record mondial du 800 mètres à 1min40s91Kenya
60%
Club emmené par Olivier Giroud, champion de France de footballMontpellier HSC
59%
Acteur faisant "sauter en parachute" la reine Elisabeth II lors de la cérémonie d'ouverture des jeux olympiquesDaniel Craig
56%
Handballeur français, originaire de la réunion, élu meilleur handballeur de l'annéeDaniel Narcisse
55%
Emblématique commentateur sportif de football, décédé en juinThierry Roland
51%
Ville accueillant la finale de l'Euro 2012 de footballKiev
46%
Rugbyman français, aux initiales D.Y, joueur emblématique du Biarritz Olympique, remportant le challenge européen face au RC ToulounDimitri Yachvili
45%
Nation des balkans, remportant les championnats d'Europe de handball féminin et la médaille d'argent aux jeux olympiquesMonténégro
39%
Ville hébergeant les Giants, vainqueur de la ligue majeure de baseballSan Francisco
19%
Athlète de la République dominicaine, prénommé Felix, médaille d'or du 400 mètres haiesFelix Sanchez
11%

Distribution des résultats

Percentile par nombre de réponses

% des personnes avec chaque résultat

Votre développement - résultats

Vous n’avez pas pris ce quiz